| 000 | 00517nam a2200181 i 4500 | ||
|---|---|---|---|
| 001 | 45843 | ||
| 003 | ES-MaACL | ||
| 007 | t| | ||
| 008 | 030327s1875 gw ||||1| eng d | ||
| 100 | 1 |
_aCollins, Mortimer. _939737 |
|
| 245 | 1 | 0 |
_aSweet and twenty / _cby Mortimer Collins. |
| 260 |
_aLeipzig : _bBernard Janchnitz, _c1875. |
||
| 300 |
_a2 t. en 1 v. ; _c16 cm. |
||
| 490 | 1 | _aCollection of British authors | |
| 830 | 0 |
_aCollection of British authors _9180703 |
|
| 852 |
_aES-MaACL _jG-11370 |
||
| 999 |
_c45843 _d45843 |
||